00642nam a22002057a 45000010005000000030009000050050017000140080041000310200015000720400029000870820018001161000023001342450088001572600031002453000048002765040051003246500014003757000025003897000022004143857BD-DhUAP20201123112036.0201123s1997 iaua b 001 0 eng  a0471311960 aDLCcDLCdBD-DhUAPbEng 00223a576.5 SNU aSnustad, D. Peter. aPrinciples of genetics /cD. Peter Snustad, Michael J. Simmons and John B. Jenkins. aNew York :bWiley,cc1997. axviii, 829 pages :billustrations ;c29 cm. aIncludes bibliographical references and index. aGenetics. aSimmons, Michael J.  aJenkins, John B.